Normal view
MARC view
- ISLAM-BIOGRAPHY PROPHET MUHAMMAD PEACE BE UPON HIM.ISLAM-HADITH.ISLAM-RASOOL ALLAH (PBUH) KA HUSNEEY TABASOM
Entry Topical Term
001 - CONTROL NUMBER
- control field: 66060
003 - CONTROL NUMBER IDENTIFIER
- control field: NUST
005 - DATE AND TIME OF LATEST TRANSACTION
- control field: 20210628203529.0
008 - FIXED-LENGTH DATA ELEMENTS
- fixed length control field: 210628|| aca||aabn | a|a d
040 ## - CATALOGING SOURCE
- Original cataloging agency: NUST
- Transcribing agency: NUST
150 ## - HEADING--TOPICAL TERM
- Topical term or geographic name entry element: ISLAM-BIOGRAPHY PROPHET MUHAMMAD PEACE BE UPON HIM.ISLAM-HADITH.ISLAM-RASOOL ALLAH (PBUH) KA HUSNEEY TABASOM
670 ## - SOURCE DATA FOUND
- Source citation: Work cat.: (NUST): Muhammad Ibrahim Faizi. Moulana, Faizi, Muhammad Ibrahim . Moulana 66059, Rasool allah (pbuh) ka husneey tabasom, 2005
